| 000 | 00320cam a22001097a 4500 | ||
|---|---|---|---|
| 008 | 180718b1982 xxu||||| |||| 00| 0 eng d | ||
| 082 | _aB235x54 Sh23/2 | ||
| 100 | _aSharma, Rambilas | ||
| 245 |
_aBharat main angrezi raj aur marxwaad _cby Rambilas Sharma |
||
| 260 |
_aNew delhi _bRajkamal Prakashan _c1982 |
||
| 300 | _a583p. | ||
| 999 |
_c440617 _d440617 |
||